Ročenka českých knihtiskařů

Bibliographic Details
New Title:Ročenka československých knihtiskářů
Format: Journal
Language:Czech
Published: Praha Spolek faktorů knihtiskáren a písmolijen pražských 1911-1914
Subjects:

MARC

LEADER 00000nas a2200000 a 4500
001 vtls009294170
003 SK-MaSNL
005 20260228162333.0
008 080514d19111941xr ar p 0 a0cze c
040 |a SVKPO  |b slo  |c SVKPO  |e AACR2 
041 0 |a cze 
044 |a xr  |c CZ 
080 |a 655  |2 2004 
080 |a 050.8  |2 2004 
245 0 0 |a Ročenka českých knihtiskařů 
260 |a Praha  |b Spolek faktorů knihtiskáren a písmolijen pražských  |c 1911-1914 
310 |a 1x ročne 
362 0 |a 1(1911) - 4(1914) 
650 0 7 |a kníhtlač  |2 SNKPH  |9 30985 
785 0 0 |t Ročenka československých knihtiskářů 
910 |a svkpo 
999 |c 7615  |d 9545 
952 |0 0  |1 0  |4 0  |7 0  |a SNK  |b SNK  |d 2015-07-22  |i snkI. 1414/1570  |l 0  |o snkČSD 68/5/1922 D1  |p 17A1096390  |r 2026-02-21 19:45:50  |w 2026-02-21  |y PREZ 
952 |0 0  |1 0  |4 0  |7 0  |a SNK  |b SNK  |d 2000-09-21  |l 0  |o snkČSD 68/10/1927  |p 17A0252175  |r 2005-01-02 00:00:00  |t P60, <06>, [BOOK], {606}  |w 2026-02-21  |y PREZ 
952 |0 0  |1 0  |4 0  |7 0  |a SNK  |b SNK  |d 2000-09-21  |l 0  |o snkČSD 68/16/1933 D2  |p 17A0252234  |r 2005-01-02 00:00:00  |t P60, <06>, [BOOK], {606}  |w 2026-02-21  |y PREZ 
952 |0 0  |1 0  |4 0  |7 0  |a SNK  |b SNK  |d 1999-09-09  |l 0  |o snkČSD 68/9/1926 D1  |p 17A0210167  |r 2005-01-02 00:00:00  |t P60, <06>, [BOOK], {606}  |w 2026-02-21  |y PREZ 
952 |0 0  |1 0  |4 0  |7 0  |a SNK  |b SNK  |d 1999-09-09  |l 0  |o snkČSD 68/23/1940  |p 17A0210379  |r 2005-01-02 00:00:00  |t P60, <06>, [BOOK], {606}  |w 2026-02-21  |y PREZ 
952 |0 0  |1 0  |4 0  |7 0  |a SNK  |b SNK  |d 1999-09-09  |l 0  |o snkČSD 68/24/1941  |p 17A0210380  |r 2005-01-02 00:00:00  |t P60, <06>, [BOOK], {606}  |w 2026-02-21  |y PREZ 
952 |0 0  |1 0  |4 0  |7 0  |a SNK  |b SNK  |d 1999-09-09  |l 0  |o snkČSD 68/22/1939  |p 17A0210373  |r 2005-01-02 00:00:00  |t P60, <06>, [BOOK], {606}  |w 2026-02-21  |y PREZ 
952 |0 0  |1 0  |4 0  |7 0  |a SNK  |b SNK  |d 2000-09-21  |l 0  |o snkČSD 68/22/1939 D1  |p 17A0252557  |r 2005-01-02 00:00:00  |t P60, <06>, [BOOK], {606}  |w 2026-02-21  |y PREZ 
952 |0 0  |1 0  |4 0  |7 0  |a SNK  |b SNK  |d 1999-09-09  |l 0  |o snkČSD 68/21/1938  |p 17A0210376  |r 2005-01-02 00:00:00  |t P60, <06>, [BOOK], {606}  |w 2026-02-21  |y PREZ 
952 |0 0  |1 0  |4 0  |7 0  |a SNK  |b SNK  |d 2000-09-21  |l 0  |o snkČSD 68/21/1938 D1  |p 17A0252448  |r 2005-01-02 00:00:00  |t P60, <06>, [BOOK], {606}  |w 2026-02-21  |y PREZ 
952 |0 0  |1 0  |4 0  |7 0  |a SNK  |b SNK  |d 1999-09-09  |l 0  |o snkČSD 68/20/1937  |p 17A0210375  |r 2005-01-02 00:00:00  |t P60, <06>, [BOOK], {606}  |w 2026-02-21  |y PREZ 
952 |0 0  |1 0  |4 0  |7 0  |a SNK  |b SNK  |d 2000-09-21  |l 0  |o snkČSD 68/20/1937 D1  |p 17A0252570  |r 2005-01-02 00:00:00  |t P60, <06>, [BOOK], {606}  |w 2026-02-21  |y PREZ 
952 |0 0  |1 0  |4 0  |7 0  |a SNK  |b SNK  |d 1999-09-09  |l 0  |o snkČSD 68/19/1936  |p 17A0210374  |r 2005-01-02 00:00:00  |t P60, <06>, [BOOK], {606}  |w 2026-02-21  |y PREZ 
952 |0 0  |1 0  |4 0  |7 0  |a SNK  |b SNK  |d 2000-09-21  |l 0  |o snkČSD 68/19/1936 D1  |p 17A0252501  |r 2005-01-02 00:00:00  |t P60, <06>, [BOOK], {606}  |w 2026-02-21  |y PREZ 
952 |0 0  |1 0  |4 0  |7 0  |a SNK  |b SNK  |d 1999-09-09  |l 0  |o snkČSD 68/18/1935  |p 17A0210177  |r 2005-01-02 00:00:00  |t P60, <06>, [BOOK], {606}  |w 2026-02-21  |y PREZ 
952 |0 0  |1 0  |4 0  |7 0  |a SNK  |b SNK  |d 2000-09-21  |l 0  |o snkČSD 68/18/1935 D1  |p 17A0252180  |r 2005-01-02 00:00:00  |t P60, <06>, [BOOK], {606}  |w 2026-02-21  |y PREZ 
952 |0 0  |1 0  |4 0  |7 0  |a SNK  |b SNK  |d 1999-09-09  |l 0  |o snkČSD 68/17/1934 D1  |p 17A0210173  |r 2005-01-02 00:00:00  |t P60, <06>, [BOOK], {606}  |w 2026-02-21  |y PREZ 
952 |0 0  |1 0  |4 0  |7 0  |a SNK  |b SNK  |d 2000-09-21  |l 0  |o snkČSD 68/17/1934 D2  |p 17A0252278  |r 2005-01-02 00:00:00  |t P60, <06>, [BOOK], {606}  |w 2026-02-21  |y PREZ 
952 |0 0  |1 0  |4 0  |7 0  |a SNK  |b SNK  |d 1999-09-09  |l 0  |o snkČSD 68/16/1933  |p 17A0210172  |r 2005-01-02 00:00:00  |t P60, <06>, [BOOK], {606}  |w 2026-02-21  |y PREZ 
952 |0 0  |1 0  |4 0  |7 0  |a SNK  |b SNK  |d 1999-09-09  |l 0  |o snkČSD 68/15/1932  |p 17A0210171  |r 2005-01-02 00:00:00  |t P60, <06>, [BOOK], {606}  |w 2026-02-21  |y PREZ 
952 |0 0  |1 0  |4 0  |7 0  |a SNK  |b SNK  |d 1999-09-09  |l 0  |o snkČSD 68/14/1931  |p 17A0210170  |r 2005-01-02 00:00:00  |t P60, <06>, [BOOK], {606}  |w 2026-02-21  |y PREZ 
952 |0 0  |1 0  |4 0  |7 0  |a SNK  |b SNK  |d 2000-09-21  |l 0  |o snkČSD 68/14/1931 D2  |p 17A0252559  |r 2005-01-02 00:00:00  |t P60, <06>, [BOOK], {606}  |w 2026-02-21  |y PREZ 
952 |0 0  |1 0  |4 0  |7 0  |a SNK  |b SNK  |d 1999-09-09  |l 0  |o snkČSD 68/13/1930  |p 17A0210390  |r 2005-01-02 00:00:00  |t P60, <06>, [BOOK], {606}  |w 2026-02-21  |y PREZ 
952 |0 0  |1 0  |4 0  |7 0  |a SNK  |b SNK  |d 2000-09-21  |l 0  |o snkČSD 68/13/1930 D1  |p 17A0252177  |r 2005-01-02 00:00:00  |t P60, <06>, [BOOK], {606}  |w 2026-02-21  |y PREZ 
952 |0 0  |1 0  |4 0  |7 0  |a SNK  |b SNK  |d 1999-09-09  |l 0  |o snkČSD 68/12/1929  |p 17A0210377  |r 2005-01-02 00:00:00  |t P60, <06>, [BOOK], {606}  |w 2026-02-21  |y PREZ 
952 |0 0  |1 0  |4 0  |7 0  |a SNK  |b SNK  |d 2000-09-21  |l 0  |o snkČSD 68/12/1929 D2  |p 17A0252443  |r 2005-01-02 00:00:00  |t P60, <06>, [BOOK], {606}  |w 2026-02-21  |y PREZ 
952 |0 0  |1 0  |4 0  |7 0  |a SNK  |b SNK  |d 1999-09-09  |l 0  |o snkČSD 68/11/1928  |p 17A0210188  |r 2005-01-02 00:00:00  |t P60, <06>, [BOOK], {606}  |w 2026-02-21  |y PREZ 
952 |0 0  |1 0  |4 0  |7 0  |a SNK  |b SNK  |d 2000-09-21  |l 0  |o snkČSD 68/11/1928 D2  |p 17A0252176  |r 2005-01-02 00:00:00  |t P60, <06>, [BOOK], {606}  |w 2026-02-21  |y PREZ 
952 |0 0  |1 0  |4 0  |7 0  |a SNK  |b SNK  |d 1999-09-09  |l 0  |o snkČSD 68/10/1927 D1  |p 17A0210184  |r 2005-01-02 00:00:00  |t P60, <06>, [BOOK], {606}  |w 2026-02-21  |y PREZ 
952 |0 0  |1 0  |4 0  |7 0  |a SNK  |b SNK  |d 2000-09-21  |l 0  |o snkČSD 68/9/1926  |p 17A0252173  |r 2005-01-02 00:00:00  |t P60, <06>, [BOOK], {606}  |w 2026-02-21  |y PREZ 
952 |0 0  |1 0  |4 0  |7 0  |a SNK  |b SNK  |d 1999-09-09  |l 0  |o snkČSD 68/8/1925  |p 17A0210282  |r 2005-01-02 00:00:00  |t P60, <06>, [BOOK], {606}  |w 2026-02-21  |y PREZ 
952 |0 0  |1 0  |4 0  |7 0  |a SNK  |b SNK  |d 2000-09-21  |l 0  |o snkČSD 68/8/1925 D2  |p 17A0252174  |r 2005-01-02 00:00:00  |t P60, <06>, [BOOK], {606}  |w 2026-02-21  |y PREZ 
952 |0 0  |1 0  |4 0  |7 0  |a SNK  |b SNK  |d 1999-09-09  |l 0  |o snkČSD 68/7/1924  |p 17A0210281  |r 2005-01-02 00:00:00  |t P60, <06>, [BOOK], {606}  |w 2026-02-21  |y PREZ 
952 |0 0  |1 0  |4 0  |7 0  |a SNK  |b SNK  |d 2000-09-21  |l 0  |o snkČSD 68/7/1924 D1  |p 17A0252401  |r 2005-01-02 00:00:00  |t P60, <06>, [BOOK], {606}  |w 2026-02-21  |y PREZ 
952 |0 0  |1 0  |4 0  |7 0  |a SNK  |b SNK  |d 1999-09-09  |l 0  |o snkČSD 68/6/1923  |p 17A0210168  |r 2005-01-02 00:00:00  |w 2026-02-21  |y PREZ 
952 |0 0  |1 0  |4 0  |7 0  |a SNK  |b SNK  |d 2000-09-21  |l 0  |o snkČSD 68/6/1923 D1  |p 17A0252482  |r 2005-01-02 00:00:00  |w 2026-02-21  |y PREZ 
952 |0 0  |1 0  |4 0  |7 0  |a SNK  |b SNK  |d 1999-09-09  |l 0  |o snkČSD 68/5/1922  |p 17A0210187  |r 2005-01-02 00:00:00  |w 2026-02-21  |y PREZ 
952 |0 0  |1 0  |4 0  |7 0  |a SNK  |b SNK  |d 1999-09-09  |l 0  |o snkČSD 68/4/1914  |p 17A0210182  |r 2005-01-02 00:00:00  |t P60, <06>, [BOOK], {606}  |w 2026-02-21  |y PREZ 
952 |0 0  |1 0  |4 0  |7 0  |a SNK  |b SNK  |d 1999-09-09  |l 0  |o snkČSD 68/3/1913  |p 17A0210189  |r 2005-01-02 00:00:00  |t P60, <06>, [BOOK], {606}  |w 2026-02-21  |y PREZ 
952 |0 0  |1 0  |4 0  |7 0  |a SNK  |b SNK  |d 1999-09-09  |l 0  |o snkČSD 68/2/1912  |p 17A0210178  |r 2005-01-02 00:00:00  |t P60, <06>, [BOOK], {606}  |w 2026-02-21  |y PREZ 
952 |0 0  |1 0  |4 0  |7 0  |a SNK  |b SNK  |d 1999-09-09  |l 0  |o snkČSD 68/1/1911  |p 17A0210176  |r 2005-01-02 00:00:00  |t P60, <06>, [BOOK], {606}  |w 2026-02-21  |y PREZ 
952 |0 0  |1 0  |4 0  |7 0  |a SNK  |b SNK  |d 2000-09-21  |l 0  |o snkČSD 68/15/1932 D2  |p 17A0252279  |r 2005-01-02 00:00:00  |t P60, <06>, [BOOK], {606}  |w 2026-02-21  |y PREZ